El delito de conducir sin permiso anl̀isis jurisprudencial /

Bibliographic Details
Main Author: Requejo Conde, Carmen
Format: Book
Language:Spanish
Published: Barcelona : Bosch, 2013
Subjects:
Online Access:Acceso restringido

MARC

LEADER 00000nam a2200000 i 4500
005 20131218190336.0
007 cr|||| ||||
008 130916s2013 sp 000 0 spa d
020 |a 9788494130472 
035 |a 11714 
040 |a BUS  |d vLex 
090 |c 4648  |d 4648 
100 1 |a Requejo Conde, Carmen 
245 1 3 |a El delito de conducir sin permiso   |h [Recurso electrn̤ico] :  |b anl̀isis jurisprudencial /  |c Carmen Requejo Conde. 
256 |a Servicio en ln̕ea 
260 |a Barcelona :  |b Bosch,  |c 2013  
300 |a 1 recurso electrn̤ico 
506 1 |a Contenido solo disponible en los productos indicados  |d vLex Global  |d vLex Global (Academic Edition, excluding Law Schools)  |d vLex Global (U.S. Academic Edition, Law Schools)  |d vLex Global (U.S. Academic Edition, excluding Law Schools)  |d vLex Global (Academic Edition, Law Schools) 
650 0 4 |a Derecho penal -  |z Espaą -  |x Jurisprudencia 
650 0 4 |a Trf̀ico  |x Derecho  |z Espaą 
650 0 4 |a Circulacin̤  |x Infracciones 
740 0 |a vLex Libros (Servicio en ln̕ea) 
856 4 0 |u http://vlex.com/source/delito-de-conducir-sin-permiso-analisis-jurisprudencial-11714  |z Acceso restringido 
942 |c BOOK 
999 0 |a Criminal law -- Jurisprudence 
999 0 |a Traffic violations